| 000 | 01055cad a22002175a 4500 | ||
|---|---|---|---|
| 001 | L153347 | ||
| 008 | 110713s2011 xxkd f s 000 0 eng d | ||
| 035 | _a(Sirsi) u153347 | ||
| 041 | 0 | _aeng | |
| 050 | 0 | 4 | _a332.6324 $2 18 |
| 110 | 2 |
_aAssociation of Residential Letting Agents _93020 |
|
| 245 | 0 | 4 |
_aThe ARLA review and index for residential investment, in association with the ARLA group of buy to let mortgage lenders _bsecond quarter 2011 _h[electronic resource] |
| 260 |
_aWarwick _bARLA _c2011 |
||
| 520 | _aResidential yields, rents, void periods, types of rental property and regional differences. An undersupply of good quality property is threatening the UK rental market. There is an imbalance between supply and demand of available properties for rent. | ||
| 521 | 2 | _aAdvanced | |
| 590 | _aKA | ||
| 651 | 4 |
_aUnited Kingdom _y |
|
| 690 | _aPROPERTY-RESIDENTIAL PROPERTY-RESIDENTIAL PROPERTY MARKET | ||
| 856 | 4 | 0 |
_uhttps://www.arla.co.uk/buy-to-let/buy-to-let-review/2011/q2/ _zView the item free of charge at www.arla.co.uk |
| 942 | _n0 | ||
| 999 |
_c112479 _d112479 |
||